<?xml version="1.0" encoding="UTF-8"?><?xml-stylesheet type="text/xsl" href="static/style.xsl"?><OAI-PMH xmlns="http://www.openarchives.org/OAI/2.0/" xmlns:xsi="http://www.w3.org/2001/XMLSchema-instance" xsi:schemaLocation="http://www.openarchives.org/OAI/2.0/ http://www.openarchives.org/OAI/2.0/OAI-PMH.xsd"><responseDate>2026-05-16T22:07:41Z</responseDate><request verb="GetRecord" identifier="oai:repisalud.isciii.es:20.500.12105/10123" metadataPrefix="marc">https://repisalud.isciii.es/rest/oai/request</request><GetRecord><record><header><identifier>oai:repisalud.isciii.es:20.500.12105/10123</identifier><datestamp>2024-05-21T11:02:17Z</datestamp><setSpec>com_20.500.12105_2203</setSpec><setSpec>com_20.500.12105_2202</setSpec><setSpec>col_20.500.12105_19505</setSpec><setSpec>col_20.500.12105_19585</setSpec></header><metadata><record xmlns="http://www.loc.gov/MARC21/slim" xmlns:dcterms="http://purl.org/dc/terms/" xmlns:doc="http://www.lyncode.com/xoai" xmlns:xsi="http://www.w3.org/2001/XMLSchema-instance" xsi:schemaLocation="http://www.loc.gov/MARC21/slim http://www.loc.gov/standards/marcxml/schema/MARC21slim.xsd">
   <leader>00925njm 22002777a 4500</leader>
   <datafield ind2=" " ind1=" " tag="042">
      <subfield code="a">dc</subfield>
   </datafield>
   <datafield ind2=" " ind1=" " tag="720">
      <subfield code="a">Instituto de Salud Carlos III. Centro Nacional de Epidemiología</subfield>
      <subfield code="e">author</subfield>
   </datafield>
   <datafield ind2=" " ind1=" " tag="260">
      <subfield code="c">2007-12-15</subfield>
   </datafield>
   <datafield ind2=" " ind1=" " tag="520">
      <subfield code="a">Resultados de Laboratorio: En la semana 50/2007 se ha notificado un total de 27 aislamientos centinela, 23 de virus de la gripe A y 4 virus de la gripe B, que corresponden a una tasa de aislamiento del 30,34%. Todos los aislamientos proceden de pacientes sin antecedentes de vacunación y se distribuyen de la siguiente manera: Andalucía (1 A no subtipado, 5 AH1N1 y 2 B), Aragón (4 A no subtipado), Asturias (4 A no subtipado), Cantabria (1 B), Cataluña (2 A no subtipado), Comunidad Valenciana (1 AH1N1), País Vasco (3 AH1N1 y 1B) y La Rioja (3 A no subtipado). Además, se han aislado cinco virus de la gripe A no subtipado en muestras no centinela, cuatro procedentes del Laboratorio del Hospital Nª Srª de Covadonga de Oviedo (Asturias) y uno del Laboratorio de Microbioloxía de Vigo y Ourense (Galicia). La red de Cataluña ha notificado un aislamiento de virus de la gripe C en la semana 49/2007 en una muestra centinela en un niño de 5 años sin antecedentes de vacunación. Desde la semana 40/2007 se han notificado 137 aislamientos de virus de la gripe procedentes de fuentes centinela (73,7%) y no centinela (25,5%). Del total de aislamientos, 114 (83%) son virus de la gripe A, con un 92% de virus AH1 entre los subtipados, 22 (16%) de virus de la gripe B y uno de virus C (0,7%). Persiste un predominio de virus de la gripe A, AH1 entre los subtipados en la circulación viral.  En la semana 50/2007 se registra un claro descenso en la circulación de VR</subfield>
   </datafield>
   <datafield ind1="8" ind2=" " tag="024">
      <subfield code="a">http://hdl.handle.net/20.500.12105/10123</subfield>
   </datafield>
   <datafield tag="653" ind2=" " ind1=" ">
      <subfield code="a">Gripe</subfield>
   </datafield>
   <datafield tag="653" ind2=" " ind1=" ">
      <subfield code="a">Vigilancia epidemiológica</subfield>
   </datafield>
   <datafield ind2="0" ind1="0" tag="245">
      <subfield code="a">Vigilancia de la gripe en España Semana 50/2007 (9 al 15 de diciembre de 2007)</subfield>
   </datafield>
</record></metadata></record></GetRecord></OAI-PMH>